Los oráculos paganos : y otras obras selectas /

Na minha lista:
Detalhes bibliográficos
Autor principal: Quincey, Thomas de (autor)
Outros Autores: Hernández Arias, José Rafael (traducción y prólogo) (traducción y prólogo)
Formato: Livro
Idioma:espanhol
Publicado em: Madrid, España : Valdemar, 2005, c2005
Colecção:(Letras Clásicas Valdemar ; 5)
Assuntos:
Tags: Adicionar Tag
Sem tags, seja o primeiro a adicionar uma tag!

MARC

LEADER 00000nam^a2200000^a^4500
001 000180524
005 20250521000000.0
009 20260310101902.315
020 |a 84-7702-502-9 
037 |a Acervo ITESO - Biblioteca 
041 |a ESP 
082 |a 824.  |b QUI 
100 |a Quincey, Thomas de  |e (autor) 
245 1 4 |a Los oráculos paganos :  |b y otras obras selectas /  |c T. de Quincey ; tr. y pról. de J.R. Hernández Arias. 
264 4 |a Madrid, España :  |b Valdemar,  |c 2005, c2005 
300 |a 409 p. 
336 |a texto  |b txt  |2 rdacontenido 
337 |a sin mediación  |b n  |2 rdamedio 
338 |a volumen  |b nc  |2 rdasoporte 
440 1 |a (Letras Clásicas Valdemar ;  |v 5) 
500 |a Traducción de: Revolt of the Tartars; or, Flight of the Kalmuck Khan and his People from the Russian Territories to the Frontiers of China 
500 |a Traducción de: The Nautico-Military Nun of Spain 
500 |a Traducción de: Letters to a Young Man Whose Education Has Been Neglected 
500 |a Traducción de: The Pagan Oracles 
500 |a Traducción de: Secret Societies 
545 0 |a El ensayista y crítico romántico Thomas de Quincey (Manchester, 1785-Edimburgo, 1859) formó parte del círculo literario de los poetas Samuel Taylor Coleridge, William Wordsworth y Robert Southey. Además de sus numerosas colaboraciones en varias revistas y periódicos, escribió algunos ensayos sobre filósofos y literatos, que han marcado la historia de la cultura occidental, como son Leyendo a las puertas de Macbeth; El asesinato considerado como una de las bellas artes; Juana de Arco y La diligencia inglesa. Adicto al opio desde joven, dejó reflejadas sus experiencias en tres libros de memorias: Confesiones de un opiómano inglés, Suspira de profundis y Apuntes autobiográficos; en el primero de ellos describió detalladamente los estados de éxtasis y tormento de la droga; este libro se convirtió de inmediato en un éxito de ventas y, aún años después, ha ejercido admiración e influencia sobre importantes escritores de diversas nacionalidades y épocas. Su obra denota una refinada educación grecolatina; dotada de un gran humor irónico y mucha fantasía, trasgredió y se burló de los valores de la sociedad victoriana. Quincey dejó huella en la literatura universal por ser el primero en describir, desde la perspectiva literaria, los mecanismos de la mente al formar los sueños y las pesadillas con estilo lleno de musicalidad y ritmo que tenía como objetivo proporcionar placer estético en sí mismo, al tiempo que buscaba hacer inteligible la alucinación mientras desnudaba hasta la mayor simplicidad sus imágenes. 
649 |a XX 
650 |a Ensayos Ingleses 
650 |a Literatura Inglesa -  |y Siglo XIX 
650 |a América -  |x Historia -  |y Epoca Colonial 
650 |a Tártaros -  |x Historia -  |y Siglo XVIII 
650 |a Educación de Adultos 
650 |a Sectas 
650 |a Oráculos 
650 |a Paganismo 
650 |a Religión 
600 |a Monja Alférez 
700 |a Hernández Arias, José Rafael  |e (traducción y prólogo) 
910 |a Fondo General 
920 |a Impresos - Libros 
930 |a Colección General 
940 |a Literatura 
905 |a 101 
901 |a 0500119798  |b IT1  |c LIT  |u 20250521 
902 |a https://opac.biblio.iteso.mx/vufind/Record/000180524